000
00298nam a2200121Ia 4500
008
220204s9999 xx 000 0 und d
082
_a
657.6
_b
BIG;1
100
_a
Walter W
245
0
_a
Spicer and Pegler's practical auditing
260
_a
Bombay
_b
Allied
_c
1975
650
_a
Auditing
942
_c
BK
999
_c
21844
_d
21844